| 000 | 01300cam a22002533a 4500 | ||
|---|---|---|---|
| 001 | 16465 | ||
| 003 | PGUSA | ||
| 005 | 20140828083342.0 | ||
| 008 | 050807s2005||||xxu|||||s|||||000 | eng d | ||
| 040 |
_aPGUSA _beng |
||
| 042 | _adc | ||
| 050 | 4 | _aPQ | |
| 100 | 1 |
_aLoti, Pierre, _d1850-1923 |
|
| 245 | 1 | 0 |
_aLe château de La Belle-au-bois-dormant _h[electronic resource] / _cPierre Loti |
| 260 |
_bProject Gutenberg, _c2005 |
||
| 505 | 0 | _aLa maison des aïeules -- Le château de la Belle-au-bois-dormant -- Noyade de chat -- L'agonie de l'Euzkalerria -- Le gai pèlerinage de Saint-Martial -- Premier aspect de Londres -- Berlin vu de la mer des Indes -- Vieille barque, vieux batelier -- Procession de Vendredi Saint en Espagne -- Un vieux collier -- Préface pour un livre qui ne fut jamais publié -- Quelques pensées vraiment aimables -- En passant à Mascate -- Après l'effondrement de Messine, en 1909 -- Photographies d'hier et d'aujourd'hui -- Ceux devant qui il faudrait plier le genou -- Les pagodes d'or. | |
| 506 | _aPublic domain in the USA. | ||
| 516 | _aElectronic text | ||
| 653 | _aFrench literature -- 19th century | ||
| 653 | _aFrench literature -- 20th century | ||
| 830 | 0 |
_aProject Gutenberg _v16465 |
|
| 856 | 4 | 0 | _uhttp://www.gutenberg.org/ebooks/16465 |
| 942 | _cEB | ||
| 999 |
_c245720 _d245720 |
||